| 000 | 00786nam a2200241 a 4500 | ||
|---|---|---|---|
| 001 | 50618 | ||
| 003 | BD-RjUL | ||
| 005 | 20211209075534.0 | ||
| 008 | 160828s1963 nyua|||| |||| 001 0 eng d | ||
| 035 | _a(BD-RjUL) 50738 | ||
| 040 |
_aBD-RjUL _beng _cBD-RjUL |
||
| 041 | _aeng | ||
| 082 |
_223 _a362.11097471 _bKLH 1963 |
||
| 100 | 1 |
_aKlarman, Herbert E. _9151565 |
|
| 245 | 1 | 0 |
_aHospital care in New York City : _bthe roles of voluntary and municipal hospitals / _cHerbert E. Klarman |
| 260 |
_aNew York, _bColumbia Univ. Press, _c1963. |
||
| 300 |
_axviii, 573 p. : _bill. ; _c21 cm. |
||
| 500 | _aIncludes index. | ||
| 650 |
_aMedical economics _zNew York _9151566 |
||
| 650 |
_aHospital Administration _9151567 |
||
| 651 |
_aNew York (N.Y.) _zHospitals _9151568 |
||
| 942 |
_2ddc _cBK |
||
| 999 |
_c50618 _d50618 |
||